LEADER 04362nam 2200577 450 001 9910467593803321 005 20200520144314.0 010 $a3-11-055074-1 010 $a3-11-053868-7 024 7 $a10.1515/9783110544725 035 $a(CKB)4230000000000416 035 $a(MiAaPQ)EBC5043164 035 $a(DE-B1597)481149 035 $a(OCoLC)1004867657 035 $a(DE-B1597)9783110544725 035 $a(Au-PeEL)EBL5043164 035 $a(CaPaEBR)ebr11438541 035 $a(OCoLC)1004196282 035 $a(EXLCZ)994230000000000416 100 $a20171012h20172017 uy 0 101 0 $ager 135 $aurcnu|||||||| 181 $2rdacontent 182 $2rdamedia 183 $2rdacarrier 200 10$aBasiswissen RDA $eeine Einfu?hrung fu?r deutschsprachige anwender /$fHeidrun Wiesenmu?ller und Silke Horny 205 $a2., u?berarbeitete und erweiterte Auflage. 210 1$aBerlin, [Germany] ;$aBoston, [Massachusetts] :$cDe Gruyter Saur,$d2017. 210 4$d©2017 215 $a1 online resource (326 pages) $cillustrations, tables 300 $aIncludes index. 311 $a3-11-054472-5 327 $tFrontmatter -- $tVorwort zur 2. Auflage -- $tInhaltsübersicht -- $tInhalt -- $tHinweise zur Benutzung -- $t1. Formalerschließung: Konzepte und Standards -- $t2. Das FRBR-Modell -- $t3. RDA: Grundlagen -- $t4. Manifestationen und Exemplare -- $t5. Werke und Expressionen -- $t6. Personen, Familien und Körperschaften -- $t7. Geografika -- $t8. Primärbeziehungen -- $t9. Beziehungen zu Personen, Familien und Körperschaften -- $t10. Beziehungen zwischen Werken, Expressionen, Manifestationen und Exemplaren -- $t11. Beziehungen zwischen Personen, Familien und Körperschaften -- $t12. Sacherschließung in RDA -- $t13. Beispiele für einteilige Monografien -- $t14. Beispiele für mehrteilige Monografien -- $t15. Beispiele für monografische Reihen und integrierende Ressourcen -- $t16. Beispiele für Personen, Familien, Körperschaften, Geografika und Werke -- $tAbkürzungsverzeichnis -- $tAbbildungsverzeichnis -- $tTabellenverzeichnis -- $tRegister 330 $aBasics of RDA is an introduction to the new standard cataloguing system RDA (Resource Description and Access). Clearly written and illustrated with numerous examples, the textbook offers valuable assistance for cataloguing with RDA. This revised and expanded edition incorporates all changes and developments since the introduction of RDA and is based on the latest 2017 version. 330 $aMit der ersten Auflage von Basiswissen RDA lag erstmals ein deutschsprachiges Lehrbuch für das neue, internationale Katalogisierungsregelwerk RDA (Resource Description and Access) vor. Seither wurde nicht nur das Regelwerk selbst an vielen Stellen verändert, sondern auch die deutschsprachigen Anwendungsrichtlinien wurden erheblich erweitert und verfeinert ? nicht zuletzt aufgrund der Praxiserfahrungen seit dem Beginn der aktiven Katalogisierung mit RDA. Die überarbeitete und erweiterte Neuauflage präsentiert die Katalogisierungsregeln auf dem aktuellen Stand von 2017 bietet an vielen Stellen zusätzliche Details und Erläuterungen geht besonders auf typische Fragen und Probleme ein, die beim Katalogisieren mit RDA auftreten wurde um Beispiele und Erklärungen für verschiedene Themenbereiche erweitert (u.a. Reproduktionen, E-Books, Sprachkurse) behandelt auch das neue theoretische Modell IFLA LRM und die geplante Weiterentwicklung von RDA Die zweite Auflage von Basiswissen RDA ist ein unverzichtbarer Begleiter für Studierende, Auszubildende und Beschäftigte in Bibliotheken, die mit RDA arbeiten. Das Lehrbuch unterstützt nicht nur beim Anfertigen von korrekten Katalogisaten, sondern auch dabei, das neue Regelwerk zu verstehen. 606 $aResource description & access$vHandbooks, manuals, etc 606 $aDescriptive cataloging$xStandards$vHandbooks, manuals, etc 608 $aElectronic books. 615 0$aResource description & access 615 0$aDescriptive cataloging$xStandards 676 $a025.3/2 686 $aAN 74000$2rvk 700 $aWiesenmu?ller$b Heidrun$01043499 702 $aHorny$b Silke 801 0$bMiAaPQ 801 1$bMiAaPQ 801 2$bMiAaPQ 906 $aBOOK 912 $a9910467593803321 996 $aBasiswissen RDA$92468517 997 $aUNINA LEADER 05067nam 2200865 450 001 9910828360903321 005 20230526184155.0 010 $a1-5261-4199-X 010 $a1-5261-2916-7 024 7 $a10.7765/9781526129161 035 $a(CKB)5120000000108499 035 $a(StDuBDS)EDZ0002046364 035 $a(Au-PeEL)EBL5557382 035 $a(OCoLC)1059419242 035 $a(OCoLC)1100962665 035 $a(MdBmJHUP)musev2_78411 035 $a(MiAaPQ)EBC5557382 035 $a(UkMaJRU)992979626917801631 035 $a(DE-B1597)660433 035 $a(DE-B1597)9781526129161 035 $a(EXLCZ)995120000000108499 100 $a20191121h20182018 uy| 0 101 0 $aeng 135 $aur||#---||||| 181 $ctxt$2rdacontent 182 $cc$2rdamedia 183 $acr$2rdacarrier 200 00$aContemporary Chaucer across the centuries $eessays for Stephanie Trigg /$fedited by Helen M. Hickey, Anne McKendry and Melissa Raine 210 1$aManchester, UK :$cManchester University Press,$d2018. 210 4$d©2018 215 $a1 online resource (xiii, 263 pages, 8 unnumbered pages of plates) $cillustrations; digital file(s) 225 1 $aManchester Medieval Literature and Culture 300 $aPreviously issued in print: 2019. 311 $a1-5261-2917-5 311 $a1-5261-2915-9 320 $aIncludes bibliographical references and index. 327 $aIntroduction / Helen M. Hickey, Anne McKendry and Melissa Raine -- 1. Identifying, and identifying with , Chaucer / Paul Strohm -- 2. First encounter: 'snail horn perception' in Geoffrey Chaucer's Troilus and Criseyde / Elizabeth Robertson -- 3. Sir Thopas 's mourning maidens - Helen Cooper -- 4. Chaucerian rhyme-breaking / Ruth Evans -- 5. 'Have ye nat seyn somtyme a pale face?' / Stephanie Downes -- 6. Heavy atmosphere / Jeffrey Jerome Cohen -- 7. Hunting and fortune in the Book of the Duchess and Sir Gawain and the Green Knight / Frank Grady -- 8. The implausible plausibility of the Prologue to the Tale of Beryn / Thomas A. Prendergast -- 9. Caxton in the middle of English / David Matthews -- 10. 'Hail graybeard bard': Chaucer in the nineteenth-century popular consciousness / Stephen Knight -- 11. Chaucer as Catholic child in nineteenth-century English reception / Andrew Lynch -- 12. Flesh and stone: William Morris's News from Nowhere and Chaucer's dream visions / John M. Ganim -- 13. 'In remembrance of his persone': transhistorical empathy and the Chaucerian face / Louise D'Arcens -- 14. Textual face: cognition as recognition - James Simpson -- Index. 330 3 $aThis unique and exciting collection, inspired by the scholarship of literary critic Stephanie Trigg, offers cutting-edge responses to the writings of Geoffrey Chaucer for the current critical moment. The chapters are linked by the organic and naturally occurring affinities that emerge from Trigg's ongoing legacy; containing diverse methodological approaches and themes, they engage with Chaucer through ecocriticism, medieval literary and historical criticism, and medievalism. The contributors, trailblazing international specialists in their respective fields, honour Trigg's distinctive and energetic mode of enquiry (the symptomatic long history) and intellectual contribution to the humanities. At the same time, their approaches exemplify shifting trends in Chaucer scholarship. Like Chaucer's pilgrims, these scholars speak to and alongside each other, but their essays are also attentive to 'hearing Chaucer speak' then, now and in the future. 410 0$aManchester medieval literature and culture ;$v24. 606 $aMedieval Literature$2mup 606 $aLiterary Studies: Classical, Early & Medieval$2bicssc 606 $aLITERARY CRITICISM / Medieval$2bisach 606 $aLiterary studies: ancient, classical & medieval$2thema 608 $aFestschrift. 608 $aAufsatzsammlung. 608 $aAufsatzsammlung. 608 $aCriticism, interpretation, etc. 610 $aAlliterative Verse. 610 $aChaucer Redactions. 610 $aChaucer, Geoffrey. 610 $aEcocriticism. 610 $aEmotions in Literature. 610 $aEmotions, History. 610 $aFace in Literature. 610 $aFifteenth-century Caxton. 610 $aGeoffrey Chaucer. 610 $aMedieval Literature. 610 $aMedieval Romance. 610 $aMedievalism. 610 $aMiddle English Literature. 610 $aNineteenth-century medievalism. 610 $aStephanie Trigg. 610 $aTrigg, Stephanie. 615 7$aMedieval Literature 615 7$aLiterary Studies: Classical, Early & Medieval 615 7$aLITERARY CRITICISM / Medieval 615 7$aLiterary studies: ancient, classical & medieval 676 $a821.1 702 $aTrigg$b Stephanie$f1958-$4hnr 702 $aHickey$b Helen M$f1949-$4edt 801 2$bUkMaJRU 906 $aBOOK 912 $a9910828360903321 996 $aContemporary Chaucer across the centuries$93962362 997 $aUNINA